| 000 | 01203nam a22002537a 4500 | ||
|---|---|---|---|
| 005 | 20100618122738.0 | ||
| 008 | 100618t xxu||||| |||| 00| 0 hin d | ||
| 010 | _aHIN-89549 | ||
| 020 |
_a9788171192777 _c200.00 |
||
| 035 | _aHN-61895 | ||
| 037 | _bDBAD / PUB | ||
| 040 |
_aDPL _bHN |
||
| 082 | _aउ | ||
| 100 |
_aमिश्र, शिवप्रसाद 'रूद्र' _922334 |
||
| 245 |
_aबहती गंगा / _cशिवप्रसाद मिश्र, 'रूद्र' |
||
| 246 |
_aBahati Ganga _bby Shivprasad Mishra 'Rudra' |
||
| 260 |
_aनई दिल्ली _bराधाकृष्ण प्रकाशन _c2010 |
||
| 270 |
_a7/31, अंसारी रोड, दरियागंज _bनई दिल्ली _e110002 _minfo@radhakrishnaprakashan.com |
||
| 300 |
_a164पृ _c22सेमी (सजिल्द) |
||
| 650 |
_aहिन्दी कथा साहित्य _9657 |
||
| 650 |
_aHindi Fiction _922673 |
||
| 942 |
_2ddc _cHN _hउ _mमिश्रशि |
||
| 999 |
_c36729 _d36729 |
||